Satellite Images - France - Statistics

General Stats
  • This quiz has been taken 251 times
  • The average score is 12 of 18
Answer Stats
Picture Hint Answer % Correct
City Paris
99%
Island Corsica
94%
Region Brittany
90%
Body of water English Channel
87%
Mountain range Pyrenees
85%
City Marseille
82%
Monument Palace of {Versailles}
81%
City Lyon
78%
Monument Arc de Triomphe
76%
River Seine
75%
Department French Guiana
65%
Body of water Bay of {Biscay}
62%
Island Martinique
54%
Tidal island / Commune Mont-Saint-Michel
53%
Archipelago New Caledonia
53%
Archipelago Saint Pierre and Miquelon
26%
Estuary Gironde estuary
23%
Body of water Gulf of {Lion}
16%
No matching quizzes found
Score Distribution
Percent of People with Each Score
Percentile by Number Answered
Your Score History
You have not taken this quiz